1741 1768 1894 1390 1270 1981 1055 1069 1887 1020 1010 1304 1354 1781 1649 1095 1101 1419 1772 1327 1931 1562 1208 1323 1177 1621 1136 1638 1204 1327 1522 1242 1285 1618 1471 1098 1252 1386 1292 1556 1052 1658 1102 1679 1714 1159 1428 1860 1063 1770 1422 1936 1529 1135 1030 1290 1867 1271 1244 1275 1956 1194 1837 1097 1530 1435 1736 1627 1691 1086 1452 1805 1325 1288 1025 1527 1999 1365 1774 1737 1329 1256 1541 1330 1644 1954 1793 1415 1834 1686 1266 1841 1934 1101 1669 1011 1008 1063 1150 BCNSPRNW ULIB Ver.6.0+V

เปลี่ยนเป็นภาษาไทย

Change to English
 แสดงรายละเอียดบรรณานุกรม
  กลับหน้าหลัก

Brief Record : Get Marc (ISO 2709) : E-mail record : QR code < ปิดหน้าต่าง
LEADER : 00000nam 2200000uu 4500
001    13399123934
003     ULIB
008    141215s2556||||th 000 0 tha d
020    ^a9786167680033
050 04 ^aLB3044^bว322ส
100 0  ^aวิจารณ์ พานิช.
245 10 ^aสนุกกับการเรียนในศตวรรษที่ 21 /^cวิจารณ์ พานิช.
250    พิมพ์ครั้งที่ 2
260    กรุงเทพฯ :^bมูลนิธิสดศรี-สฤษดิ์วงศ์,^c2556
300    ^a364 หน้า ; ^c21 ซม.
650  7 ^aระบบการเรียนการสอน.
650  7 ^aการเรียน.
945    ^p230^l0^i22716
945    ^p230^l0^i22717
945    ^p230^l0^i22718
945    ^p230^l0^i22719
945    ^p230^l0^i22720
999    ^aทศพร เกษรทอง
รายการนี้ยังไม่มีแท็ก
คุณยังไม่ได้ล็อกอิน คุณสามารถมีกิจกรรมร่วมกับเว็บไซต์ได้ แต่ต้องล็อกอินก่อน ::
  ล็อกอิน

รายการสื่อสารสนเทศ

ลำดับที่ ประเภท เลขเรียก/บาร์โค้ด สถานที่ สถานะ
1. การศึกษาทั่วไป
หนังสือสำรอง
สถานะ=หนังสือสำรอง
LB3044 ว322ส ฉ.1 
  Barcode: 22716
ห้องสมุดวิทยาเขตนครสวรรค์
►หนังสือทั่วไป:l:General Books
บนชั้น
2. การศึกษาทั่วไป
การศึกษาทั่วไป
LB3044 ว322ส ฉ.2 
  Barcode: 22717
ห้องสมุดวิทยาเขตนครสวรรค์
►หนังสือทั่วไป:l:General Books
บนชั้น
3. การศึกษาทั่วไป
การศึกษาทั่วไป
LB3044 ว322ส ฉ.3 
  Barcode: 22718
ห้องสมุดวิทยาเขตนครสวรรค์
►หนังสือทั่วไป:l:General Books
บนชั้น
4. การศึกษาทั่วไป
การศึกษาทั่วไป
LB3044 ว322ส ฉ.4 
  Barcode: 22719
ห้องสมุดวิทยาเขตนครสวรรค์
►หนังสือทั่วไป:l:General Books
บนชั้น
5. การศึกษาทั่วไป
การศึกษาทั่วไป
LB3044 ว322ส ฉ.5 
  Barcode: 22720
ห้องสมุดวิทยาเขตนครสวรรค์
►หนังสือทั่วไป:l:General Books
บนชั้น

รายการใกล้เคียง
    ผู้แต่ง [วิจารณ์ พานิช.]

    หัวเรื่อง [ระบบการเรียนการสอน.]
    หัวเรื่อง [การเรียน.]

BibComment


ยังไม่เคยถูกคอมเมนท์

คอมเมนท์ทรัพยากรรายการนี้
  คอมเมนท์: สนุกกับการเรียนใ..


 Copyright 2026. Bcnsprnw @Library